000 02144cam a2200325 i 4500
003 SA-RiAUC
005 20251222120445.0
008 251202s1994 ti g b f000 0 ara c
024 0 _a00000000973888
040 _aSA-RiAUC
_bara
_cSA-RiAUC
_dAE-DuMBRL
_erda
043 _af-ti---
050 0 4 _bF34 1994
082 0 4 _a011.31009611
_qSA-RiAUC
090 _a011.31009611
_bا ب ن ح
100 1 _aابن حمادة، جمال،
_d1949-
_eمؤلف.
245 1 2 _aالفهرس العام للمخطوطات /
_cإعداد جمال بن حمادة ؛ تقديم وإشراف جمعة شيخة.
250 _aالطبعة الأولى.
264 1 _aتونس :
_bدار الكتب الوطنية،
_c1994.
300 _aمجلد؛
_c24 سم
336 _aنص
_btxt
_2rdacontent
_3كتاب
337 _aبدون وسيط
_bn
_2rdamedia
338 _aمجلد
_bnc
_2rdacarrier
520 _aيتناول كتاب (الفهرس العام للمخطوطات) والذي قام بتأليفه جمال بن حمادة، موضوع (فهرس مخطوطات) هذا الكتاب يضم فهرسا عاما للمخطوطات والمتمثل في القسم الأول من الجزء الثامن لفهرس مخطوطات دار الكتب الوطنية بتونس، وهو حلقة جديدة ومتصلة من الفهارس التي تصدرها الدار منذ 1976. ويحتوي هذا الفهرس على خمس مائة رقم من الألف الثامنة من رقم (7000 إلى 7500). وبالتالي يكون تم فهرسة قسما آخر من رصيد المكتبة العبدلية، تبدأ من رقم 4901 إلى 10032، متبعا في ذلك الطريقة المتبعة في الأجزاء السابقة.
590 _aيتوافر بالمكتبة : مجلد 8.
650 7 _aالمخطوطات العربية
_vببليوجرافيات
_2aucsh
700 1 _aشيخة، جمعة،
_d1944-
_eمقدم.
942 _2ddc
_cBOOK
_n0
949 _aSA-JeALM
_d251202
_umohamedma123
_n1
999 _c13624
_d13624